• 首页
  • 本馆介绍
  • 公告通知
  • 最新文献
  • 馆藏检索
  • 电子资源
  • 读者导购
  • 参考咨询
  • 我的图书馆
  • 登录
  • 详细信息显示
  • 放入我的书架
  • 预约/预借图书
  • 作者相关作品
  • 分类相关作品
  • 丛书相关作品
  • 出版社相关作品

书目信息

  • 表格格式
  • 工作单格式
  • 卡片格式
题名:
烧结过程清洁燃烧和污染物控制
    
 
作者: 周昊 , 周明熙 , 岑可法 著
分册:  
出版信息: 北京   科学出版社  2020.7
页数: 293页
开本: 24cm
丛书名:
单 册:
中图分类: X757
科图分类:
主题词: 铁矿物--烧结--污染控制--研究
电子资源:
ISBN: 978-7-03-065529-5
000 01242nam0 2200277 45
001 012001000806
005 20140912082105.0
010    @a978-7-03-065529-5@b精装@dCNY158.00
100    @a20200910d2020 em y0chiy50 ea
101 0  @achi
102    @aCN@b110000
105    @aa z 000yy
106    @ar
200 1  @a烧结过程清洁燃烧和污染物控制@Ashao jie guo cheng qing jie ran shao he wu ran wu kong zhi@b专著@dClean combustion and pollutant control in sintering@f周昊,周明熙,岑可法著@zeng
210    @a北京@c科学出版社@d2020.7
215    @a293页@c图@d24cm
300    @a并列题名:Clean combustion and pollutant control in sintering
330    @a本书面向中国钢铁行业洁净高效烧结生产的重大需求,针对钢铁工业中烧结工艺的清洁燃烧和污染物控制,分析介绍了我国铁矿石烧结工艺发展现状,烧结制粒堆积过程,烧结燃烧传热传质机理,典型污染物(包括SOx、NOx、粉尘和重金属等)的生成机理和脱除技术,以及烧结过程节能环保的优化控制技术。
510 1  @aClean combustion and pollutant control in sintering@zeng
606 0  @a铁矿物@x烧结@x污染控制@x研究
690    @aX757@v5
701  0 @a周昊@Azhou hao@4著
701  0 @a周明熙@Azhou ming xi@4著
701  0 @a岑可法@Acen ke fa@4著
801  0 @aCN@bBJSDL@c20211011
905    @b1332196-8@dX757@e340@f3
    
    烧结过程清洁燃烧和污染物控制=Clean combustion and pollutant control in sintering/周昊,周明熙,岑可法著.-北京:科学出版社,2020.7
    293页:图;24cm
    并列题名:Clean combustion and pollutant control in sintering
    
    ISBN 978-7-03-065529-5(精装):CNY158.00
    本书面向中国钢铁行业洁净高效烧结生产的重大需求,针对钢铁工业中烧结工艺的清洁燃烧和污染物控制,分析介绍了我国铁矿石烧结工艺发展现状,烧结制粒堆积过程,烧结燃烧传热传质机理,典型污染物(包括SOx、NOx、粉尘和重金属等)的生成机理和脱除技术,以及烧结过程节能环保的优化控制技术。
●
相关链接 在E读中查询图书 在五车中查询图书 在当当中查询图书 在豆瓣中查询图书


正题名:烧结过程清洁燃烧和污染物控制     索取号:X757/340         预约/预借

序号 登录号 条形码 馆藏地/架位号 状态 备注
1 1332196   213321966   第二样本阅览室/ [索取号:X757/340] 在馆    
2 1332197   213321975   第三借阅区/ [索取号:X757/340] 在馆    
3 1332198   213321984   第三借阅区/ [索取号:X757/340] 在馆    
唐山师范学院图书馆 欢迎您!
大连网信软件有限公司© 版权所有